مبادئ الأعمال المصرفية / (رقم التسجيلة. 127548)
[ عرض عادي ]
| 000 -LEADER | |
|---|---|
| fixed length control field | 00578nam a22001937a 4500 |
| 005 - DATE AND TIME OF LATEST TRANSACTION | |
| control field | 20251108175146.0 |
| 008 - FIXED-LENGTH DATA ELEMENTS--GENERAL INFORMATION | |
| fixed length control field | 250721s2013 xx 000 0 ara d |
| 082 14 - DEWEY DECIMAL CLASSIFICATION NUMBER | |
| Classification number | 332.1/واد |
| 100 1# - MAIN ENTRY--PERSONAL NAME | |
| Personal name | الوادي، حازم محمود |
| 245 10 - TITLE STATEMENT | |
| Title | مبادئ الأعمال المصرفية / |
| 264 1# - PRODUCTION, PUBLICATION, DISTRIBUTION, MANUFACTURE, AND COPYRIGHT NOTICE | |
| Place of production, publication, distribution, manufacture | إربد : |
| Name of producer, publisher, distributor, manufacturer | دار الكتاب الثقافي، |
| Date of production, publication, distribution, manufacture, or copyright notice | 2013. |
| 300 ## - PHYSICAL DESCRIPTION | |
| Extent | 242 ص. |
| 650 17 - SUBJECT ADDED ENTRY--TOPICAL TERM | |
| Topical term or geographic name as entry element | الأعمال المصرفية |
| 650 17 - SUBJECT ADDED ENTRY--TOPICAL TERM | |
| Topical term or geographic name as entry element | البنوك |
| 650 17 - SUBJECT ADDED ENTRY--TOPICAL TERM | |
| Topical term or geographic name as entry element | القروض |
| 650 17 - SUBJECT ADDED ENTRY--TOPICAL TERM | |
| Topical term or geographic name as entry element | الخدمات التجارية |
| 942 ## - ADDED ENTRY ELEMENTS (KOHA) | |
| Source of classification or shelving scheme | Dewey Decimal Classification |
| Koha item type | كتب |
| حالة السحب | حالة الفقدان | مصدر التصنيف | حالة التلف | غير قابل للإعارة | المكتبة الرئيسية | المكتبة الحالية | موقع الرف | تاريخ التزويد | الرقم المتسلسل | Total Checkouts | رقم الإستدعاء | الباركود | تاريخ آخر ظهور | تاريخ الفاتورة | نوع المادة (كوها) |
|---|---|---|---|---|---|---|---|---|---|---|---|---|---|---|---|
| Withdrawn | Dewey Decimal Classification | المكتبة المركزية | المكتبة المركزية | الإعارة | 28/07/2025 | 1555811 | 332.1/واد | PLD00273592 | 28/07/2025 | 28/07/2025 | كتب | ||||
| Dewey Decimal Classification | مكتبة أبو علندا العامة | مكتبة أبو علندا العامة | الإعارة | 15/08/2013 | 1555817 | 332.1/واد | PLD00273702 | 28/07/2025 | 15/08/2013 | كتب | |||||
| Dewey Decimal Classification | مكتبة أم قصير والمقابلين العامة | مكتبة أم قصير والمقابلين العامة | الإعارة | 15/08/2013 | 1555816 | 332.1/واد | PLD00273701 | 28/07/2025 | 15/08/2013 | كتب | |||||
| Dewey Decimal Classification | مكتبة الجويدة | مكتبة الجويدة | الإعارة | 15/08/2013 | 1555812 | 332.1/واد | PLD00273697 | 28/07/2025 | 15/08/2013 | كتب | |||||
| Dewey Decimal Classification | مكتبة الحسن العامة | مكتبة الحسن العامة | الإعارة | 15/08/2013 | 1555814 | 332.1/واد | PLD00273699 | 28/07/2025 | 15/08/2013 | كتب | |||||
| Dewey Decimal Classification | مكتبة النصر العامة | مكتبة النصر العامة | الإعارة | 15/08/2013 | 1555819 | 332.1/واد | PLD00273704 | 28/07/2025 | 15/08/2013 | كتب | |||||
| Dewey Decimal Classification | مكتبة حمزة العامة | مكتبة حمزة العامة | الإعارة | 15/08/2013 | 1555820 | 332.1/واد | PLD00273705 | 28/07/2025 | 15/08/2013 | كتب | |||||
| Dewey Decimal Classification | مكتبة مؤتة | مكتبة مؤتة | الإعارة | 15/08/2013 | 1555813 | 332.1/واد | PLD00273698 | 28/07/2025 | 15/08/2013 | كتب |